| 000 | 00731nam a22001577a 4500 | ||
|---|---|---|---|
| 003 | OSt | ||
| 005 | 20150921100741.0 | ||
| 008 | 150921b xxu||||| |||| 00| 0 eng d | ||
| 040 | _cRUA | ||
| 082 | _aAGR ROU 2006 BO33 Or.1 | ||
| 100 |
_9986 _aROEURN, SERANET |
||
| 245 | _aEFFECT OF NITROGEN FERTILIZER ON CHINESE CABBAGE AT CROP STATION OF ROYAL UNIVERSITY OF AGRICULTURE,(ឥទ្ធិពលជីអាសូតលើដំណាំស្ពៃក្រញាញ់ នៅក្នុងស្ថានីយ៍ពិសោធន៍ដំណាំ នៃសាកលវិទ្យាល័យភូមិន្ធកសិកម្ម). | ||
| 260 |
_aPHNOM PHEN _bRUA _c2006 |
||
| 300 |
_aXV,41P. _bILL. _c29CM. |
||
| 942 |
_2ddc _cAGR |
||
| 999 |
_c947 _d947 |
||